معا صر مشا ہر ادب کا انٹر ویو نامہ / (Record no. 197273)

MARC details
000 -LEADER
fixed length control field 00699nam a22001937a 4500
005 - DATE AND TIME OF LATEST TRANSACTION
control field 20230821111321.0
010 ## - LCCN (DPL NO)
LC control number UR-12140
020 ## - INTERNATIONAL STANDARD BOOK NUMBER
International Standard Book Number 9789393785817
Terms of availability 250.00
035 ## - SYSTEM CONTROL NUMBER
System control number U-10695
037 ## - SOURCE OF ACQUISITION
Source of stock number/acquisition DBAD/PUB
082 ## - DEWEY DECIMAL CLASSIFICATION NUMBER
Classification number 841
100 ## - MAIN ENTRY--PERSONAL NAME
Personal name شبیر احمد مص باحی
245 ## - TITLE STATEMENT
Title معا صر مشا ہر ادب کا انٹر ویو نامہ /
Statement of responsibility, etc شبیر احمد مص باحی
246 ## - VARYING FORM OF TITLE
Title proper/short title Maasir Mashahir-E-Adab ka Interview Nama /
Remainder of title by Shabir Ahmad Misbahi
260 ## - PUBLICATION, DISTRIBUTION, ETC. (IMPRINT)
Place of publication, distribution, etc New Delhi
Name of publisher, distributor, etc Educational Publishing House
Date of publication, distribution, etc 2022 ء
270 ## - ADDRESS
Address H.O. D1/16, Ansari Road, Darya Ganj
City New Delhi
Postal code 110002
300 ## - PHYSICAL DESCRIPTION
Extent 183 ص
Dimensions 23cm(Hb)
942 ## - ADDED ENTRY ELEMENTS (KOHA)
Source of classification or shelving scheme Dewey Decimal Classification
Item type Urdu Bks
Call number suffix ش ب ی
Edition
Classification part 841
Holdings
Withdrawn status Lost status Not for loan Collection code Home library Current library Date acquired Source of acquisition Cost, normal purchase price Full call number Barcode Copy number Cost, replacement price Koha item type
      Non-fiction Kadipur Kadipur 21/08/2023 DBAD/PUB 250.00 841 ش ب ی U-10695 1 250.00 Urdu Bks

© Delhi Public Library
Hit Counter
free hit counter